banner-ar

اتجاهات حديثة فى المكتبات والمعلومات / (Record no. 64364)

MARC details
000 -الفاتح
حقل البيانات ثابتة الطول 00908nam a2200241Ia 4500
005 - وقت وتاريخ اخر تعامل مع التسجيلة
رقم الضبط 20240530110727.0
008 - عناصر البيانات ثابتة الطول - معلومات عامة
حقل البيانات ثابتة الطول 140319s2002 ua g b 000 0 ara d
017 ## - رقم الايداع القانونى
رقم الايداع القانونى 3633
المصدر ( الهيئة المختصة) مصر. دار الكتب
020 ## - الرقم الدولى المعيارى للكتب
الرقم الدولى المعيارى للكتاب 9775156490
040 ## - مصدر الفهرسة
وكالة الفهرسة الأصلية GCL /
وكالة النسخ GCL
082 04 - رقم تصنيف ديوى العشرى
رقم التصنيف 020 /
رقم المادة م أ
رقم الطبعة 21
100 0# - المدخل الرئيسى - إسم شخصى
الإسم الشخصى محمد فتحى عبدالهادى
245 10 - بيان العنوان
العنوان اتجاهات حديثة فى المكتبات والمعلومات /
بيان المسئوليه,etc محمد فتحى عبدالهادى
260 ## - PUBLICATION, DISTRIBUTION, ETC. (IMPRINT)
تاريخ النشر أو التوزيع 2002.
300 ## - الوصف المادى
التعداد 171 ص. ؛
أبعاد الوعاء 24 سم.
504 ## - تبصرة ببليوجرافية
تبصرة ببليوجرافية,الخ يشتمل على ارجاعات ببليوجرافية
650 07 - المدخل الاضافى بالموضوع-مصطلح موضوعى
مصطلح موضوعي الفهرسة الموضوعية
مصدر الرأس أو المصطلح qrmak
650 07 - المدخل الاضافى بالموضوع-مصطلح موضوعى
مصطلح موضوعي الفهرسة
مصدر الرأس أو المصطلح qrmak
650 07 - المدخل الاضافى بالموضوع-مصطلح موضوعى
مصطلح موضوعي الفهرسة الوصفية
مصدر الرأس أو المصطلح qrmak
650 07 - المدخل الاضافى بالموضوع-مصطلح موضوعى
مصطلح موضوعي المكتبات، علم
مصدر الرأس أو المصطلح qrmak
651 ## - المدخل الاضافى بالموضوع - اسم جغرافى
مصدر الرأس أو المصطلح qrmak
942 ## - عناصر المدخل الإضافي( كوها)
مصدر التصنيف او مخطط الترفيف Dewey Decimal Classification
Koha [default] item type كتاب
260 ## - PUBLICATION, DISTRIBUTION, ETC. (IMPRINT)
-- القاهرة :
-- دار غريب للطباعة والنشر والتوزيع،
Holdings
حالة التراجع حالة الفقد حالة تلف ليس للاعارة المكان المؤقت الموقع الحالى موقع الترفيف تاريخ الاكتساب اجمالي اﻻعارات رقم الطلب الباركود تاريخ اخر مشاهدة تاريخ تفعيل السعر نوع وعاء كوها
        مكتبة القاهرة الكبرى مكتبة القاهرة الكبرى القاعة الرئيسية 04/29/2018   020 / م أ 164600 04/29/2018 04/29/2018 كتاب

Powered By

EGPV